The second plan, Madras State. (Record no. 84118)
[ view plain ]
| 000 -LEADER | |
|---|---|
| fixed length control field | 01021cam a2200253 4500 |
| 001 - CONTROL NUMBER | |
| control field | sa 68011803 |
| 003 - CONTROL NUMBER IDENTIFIER | |
| control field | DLC |
| 005 - DATE AND TIME OF LATEST TRANSACTION | |
| control field | 20260227112604.0 |
| 008 - FIXED-LENGTH DATA ELEMENTS--GENERAL INFORMATION | |
| fixed length control field | 691104m19599999ii 000 0 eng |
| 010 ## - LIBRARY OF CONGRESS CONTROL NUMBER | |
| LC control number | sa 68011803 |
| 040 ## - CATALOGING SOURCE | |
| Original cataloging agency | DLC |
| Transcribing agency | DLC |
| Modifying agency | DLC |
| 043 ## - GEOGRAPHIC AREA CODE | |
| Geographic area code | a-ii--- |
| 050 00 - LIBRARY OF CONGRESS CALL NUMBER | |
| Classification number | HC437.M3 |
| Item number | A5422 |
| 082 00 - DEWEY DECIMAL CLASSIFICATION NUMBER | |
| Classification number | 338.954/82 |
| 110 1# - MAIN ENTRY--CORPORATE NAME | |
| Corporate name or jurisdiction name as entry element | Madras (State). |
| Subordinate unit | Director of Information and Publicity. |
| 245 14 - TITLE STATEMENT | |
| Title | The second plan, Madras State. |
| 260 ## - PUBLICATION, DISTRIBUTION, ETC. | |
| Place of publication, distribution, etc. | [Madras] |
| Date of publication, distribution, etc. | 1959- |
| 300 ## - PHYSICAL DESCRIPTION | |
| Extent | v. |
| Dimensions | 25-33 cm. |
| 500 ## - GENERAL NOTE | |
| General note | Vol. 5 has title: Second five-year plan, Madras State. |
| 500 ## - GENERAL NOTE | |
| General note | Vol. 5 issued by Madras (State) Finance (Planning and Development) Dept. |
| 505 1# - FORMATTED CONTENTS NOTE | |
| Formatted contents note | [3] Review of progress for 1956-57 and 1957-58 and programme for 1958-59.--[5] Review of progress for the first four years, 1956-57 to 1959-60, and the programme for the fifth year 1960-1961. |
| 651 #0 - SUBJECT ADDED ENTRY--GEOGRAPHIC NAME | |
| Geographic name | Tamil Nadu (India) |
| General subdivision | Economic policy. |
| 710 1# - ADDED ENTRY--CORPORATE NAME | |
| Corporate name or jurisdiction name as entry element | Madras (India : State). |
| Subordinate unit | Finance Department. |
| Title of a work | Second five-year plan, Madras State. |
No items available.